00377nam a2200109Ia 4500008004100000082002100041100001800062245001500080260003900095300001000134650012300144211119s9999||||xx |||||||||||||| ||und|| a894.812 3bRAY-A aRay, Satyajit 0aAputhrayam bMathrubhoomi BooksaKottayamc2008 a192p. aLiterature & rhetoricv Literatures of other languagesAltaic, Uralic, Hyperborean & Dravidian MalayalamxGeneral Stack